Dr. Syama prasad mookerjee aur kashmir samasya (डॉ श्यामाप्रसाद मुकर्जी और कश्मीर समस्या ) (Record no. 90738)
[ view plain ]
| 000 -LEADER | |
|---|---|
| fixed length control field | a |
| 005 - DATE AND TIME OF LATEST TRANSACTION | |
| control field | 20190702113234.0 |
| 008 - FIXED-LENGTH DATA ELEMENTS--GENERAL INFORMATION | |
| fixed length control field | 190702b ||||| |||| 00| 0 eng d |
| 020 ## - INTERNATIONAL STANDARD BOOK NUMBER | |
| International Standard Book Number | 9789351865568 |
| 080 ## - UNIVERSAL DECIMAL CLASSIFICATION NUMBER | |
| Universal Decimal Classification number | 954.04=H |
| Item number | RIT |
| 100 ## - MAIN ENTRY--PERSONAL NAME | |
| Personal name | Ritu kohli |
| 245 ## - TITLE STATEMENT | |
| Title | Dr. Syama prasad mookerjee aur kashmir samasya (डॉ श्यामाप्रसाद मुकर्जी और कश्मीर समस्या ) |
| 260 ## - PUBLICATION, DISTRIBUTION, ETC. (IMPRINT) | |
| Place of publication, distribution, etc | New Delhi |
| Name of publisher, distributor, etc | Prabhat prakashan |
| Date of publication, distribution, etc | 2017 |
| 300 ## - PHYSICAL DESCRIPTION | |
| Extent | 312p. |
| 653 ## - INDEX TERM--UNCONTROLLED | |
| Uncontrolled term | Essays -Hindi literature |
| 653 ## - INDEX TERM--UNCONTROLLED | |
| Uncontrolled term | Kashmir problem-syamaprasad mookerjee |
| 942 ## - ADDED ENTRY ELEMENTS (KOHA) | |
| item type | Books |
| Lost status | Source of classification or shelving scheme | Not for loan | Home library | Current library | Date acquired | Cost, normal purchase price | Total Checkouts | Full call number | Barcode | Date last seen | Cost, replacement price | Price effective from | Koha item type |
|---|---|---|---|---|---|---|---|---|---|---|---|---|---|
| Universal Decimal Classification | University Library | University Library | 17/03/2018 | 0.00 | 954.04=H RIT | 00081909 | 17/03/2018 | 0.00 | 17/03/2018 | Books |
